| 000 | 00568nam a2200193 a 4500 | ||
|---|---|---|---|
| 001 | 000013793 | ||
| 005 | 20200929163342.0 | ||
| 008 | 091130s2008 dr a 000 0 spa d | ||
| 020 | _a9789945112986 | ||
| 040 |
_aDO-SdBNP _bspa _cBNPHU |
||
| 082 |
_axxxx _cG943d |
||
| 245 | 0 | 0 |
_aGuía didáctica para el profesor y la profesora / _ceditora Obdulia García. |
| 260 |
_aSanto Domingo : _bSantillana, _c2008. |
||
| 300 |
_a128 p. : _bil. ; _c28 cm. |
||
| 490 | 1 |
_aGupi _vno. 3 |
|
| 700 | 1 |
_aGarcía, Obdulia, _eed. _91480 |
|
| 830 | 0 |
_aGupi _vno. 3 _931287 |
|
| 049 | _aBNPD | ||
| 999 |
_c13405 _d13405 |
||